Kathe Kollwitz : graphics, posters, drawings /

Bibliographic Details
Main Author: Kollwitz, Käthe, 1867-1945
Other Authors: Hinz, Renate
Format: Book
Language:English
German
Published: New York : Pantheon Books, [1981]
Edition:1st American ed.
Subjects:

MARC

Tag First Indicator Second Indicator Subfields
LEADER 00000cam a22000008a 4500
001 in00000080336
005 20151008060929.0
008 810708s1981 nyua b 00010 eng
010 |a  81047272  
020 |a 0394519485 :  |c $20.00 
020 |a 0394748786 (pbk.) :  |c $12.95 
035 |a (OCoLC)07615658 
035 |9 AAJ6912AM 
039 0 |a 2  |b 3  |c 3  |d 3  |e 3 
040 |a DLC  |c DLC  |d TXA  |d UtOrBLW 
041 1 |a eng  |a ger 
049 |a TXAM  |c [1805260] 
050 0 0 |a N6888.K62  |b A4 1981 
082 0 |a 760/.092/4  |2 19 
100 1 |a Kollwitz, Käthe,  |d 1867-1945. 
240 1 0 |a Käthe Kollwitz.  |l English 
245 1 0 |a Kathe Kollwitz :  |b graphics, posters, drawings /  |c edited by Renate Hinz ; foreword by Lucy R. Lippard ; translated from the German by Rita and Robert Kimber. 
250 |a 1st American ed. 
263 |a 8201 
264 1 |a New York :  |b Pantheon Books,  |c [1981] 
264 4 |c ©1981 
300 |a xxv, 146 pages :  |b illustrations ;  |c 31 cm. 
336 |a text  |b txt  |2 rdacontent 
337 |a unmediated  |b n  |2 rdamedia 
338 |a volume  |b nc  |2 rdacarrier 
504 |a Bibliography: pages 140-146. 
600 1 0 |a Kollwitz, Käthe,  |d 1867-1945. 
700 1 |a Hinz, Renate. 
999 |a MARS 
999 f f |s 6343022c-dbaa-3682-8a29-199ed7e11b77  |i 5101bcec-2860-3b7e-8c7b-9602f49568f2  |t 0 
952 f f |p normal  |a Texas A&M University  |b College Station  |c Sterling C. Evans Library  |d Evans: Library Stacks  |t 0  |e N6888.K62 A4 1981  |h Library of Congress classification  |i unmediated -- volume  |m A14806166631 
998 f f |a N6888.K62 A4 1981  |t 0  |l Evans: Library Stacks